000
00230 a2200097 4500
001
43076
100
_a
Jamieson, A
245
_a
Applied mechanics mechanical engineering
260
_a
London
_b
Ch Griffin
_c
090
_c
26933
_d
26933
942
_a
NUST-CAE
_c
M
_c
18817
999
_c
278149
_d
278149